Chargement en cours...

Total quality management /

Détails bibliographiques
Auteur principal: Naagarazan, R S .
Autres auteurs: Arivalagar,A A.
Format: Printed Book
Publié: New Delhi : New Age International Publishers , 2010.
Sujets:
LEADER 00480cam a2200145ua 4500
082 1 4 |a 658.4013  |b NAA-T 
100 1 |a Naagarazan, R S . 
245 1 0 |a Total quality management /  
260 |a New Delhi :   |b New Age International Publishers ,   |c 2010. 
300 |a 247p. ;  
650 0 |a Total quality management 
700 |a Arivalagar,A A. 
942 |c BK 
999 |c 38275  |d 38275 
952 |0 0  |1 0  |4 0  |6 658_401300000000000_NAAT  |7 0  |9 48994  |a KU  |b KU  |d 2015-07-05  |l 0  |o 658.4013 NAA-T  |p MB03419  |r 2020-12-24  |y BK